000 00433nam a2200169Ia 4500
001 17202
003 IN-NITTTR
005 20251114233203.0
008 251113s9999||||xx |||||||||||||| ||eng||
040 _beng
040 _cIN-NITTTR
041 _aeng
082 _a621.30321 M178
100 _aParker, Sybil P.
245 0 _aMcGraw-Hill dictionary of electrical and electronic engineering. /
_cParker, Sybil P.
942 _2ddc
_cBK
999 _c19836
_d19836